Piazzamenti della Svizzera agli Europei - Statistics

Statistiche generali
  • Questo quiz è stato fatto 11 volte
  • Il punteggio medio è 5 su 6
Statistiche sulle risposte
Hint Risposta % Corretto
1996 Fase a gironi
100%
2024 Quarti di finale
90%
2004 Fase a gironi
80%
2016 Ottavi di finale
80%
2008 Fase a gironi
70%
2020 Quarti di finale
70%
Nessun quiz corrispondente trovato
Distribuzione punteggi
Percentuale di utenti per punteggio
Percentile per numero di risposta
I tuoi punteggi nel tempo
Non hai fatto questo quiz